000
00194 a2200097 4500
020
_a
9780226143248
041
_a
eng
100
_a
Derrida jacques
245
_a
The truth in painting
942
_c
BK
999
_c
10887
_d
10887